Los burgueses /

Guardado en:
Autor Principal: Bullrich, Silvina
Formato: Libro
Publicado: Buenos Aires : Sudamericana, 1964
Series:Colección novelistas latinoamericanos
Materias:
Etiquetas: Agregar Etiqueta
Sin Etiquetas, Sea el primero en etiquetar este registro!
LEADER 00588nam a22002055a 4500
001 CEM.cems013433
005 20101029103308.0
008 130507s1964##################000#0#####d
003 CEMS
082 0 4 |a A863.4 
100 1 |a Bullrich, Silvina 
245 1 0 |a Los burgueses /  |c Silvina Bullrich 
260 |a Buenos Aires :  |b Sudamericana,  |c 1964 
300 |a 133 p. 
490 0 |a Colección novelistas latinoamericanos 
653 |a Literatura 
653 |a Literatura argentina 
653 |a Novelas 
653 |a Novela argentina 
859 |a CEMS  |b BIB. CEMS - 11 de abril  |h A863.4  |i B876-2  |p 26049.10  |t Ej.1